Does the introduction of futures on emerging market currencies destabilize the underlying currencies?

Salvato in:
Dettagli Bibliografici
Autore principale: Jochum, Christian
Altri autori: Kodres, Laura
Natura: Libro
Lingua:inglese
Pubblicazione: Washington International Monetary Fund 1998
Serie:IMF Working Paper WP/98/13
Soggetti:
Tags: Aggiungi Tag
Nessun Tag, puoi essere il primo ad aggiungerne!!

MARC

LEADER 00000nam a2200000 4500
001 c100860
005 20221221082056.2
041 0 |a eng 
044 |a US 
245 1 0 |a Does the introduction of futures on emerging market currencies destabilize the underlying currencies?  |c Christian Jochum and Laura Kodres 
264 1 |a Washington  |b International Monetary Fund  |c 1998 
300 |a 39 s. 
490 1 |a IMF Working Paper  |v WP/98/13 
830 0 |a IMF Working Paper  |v WP/98/13 
610 2 0 |a obchody termínové 
610 2 0 |a obchody opčné 
610 2 0 |a kurz devízový 
610 2 0 |a kurz výmenný 
610 2 0 |a Mexiko 
610 2 0 |a Brazília 
610 2 0 |a Maďarsko 
610 2 0 |a mena 
610 2 0 |a trh finančný medzinárodný 
610 2 0 |a trh kapitálový medzinárodný 
610 2 0 |a trh menový 
100 1 |a Jochum, Christian 
700 1 |a Kodres, Laura